00410nam a2200109Ia 4500008004100000100002200041245010300063260003900166300001200205650001500217856006800232160712s9999 xx 000 0 und d aZarco, Timothy H. cTimothy H. ZarcoaEffects of Online Review Valence on Consumer Attitudes and Behavioral Intentions c2015bPhilippine Management Review avol. 22 xMANAGEMENT uhttp://journals.upd.edu.ph/index.php/pmr/issue/view/476/showToc